Taxation of land value (Record no. 99781)
[ view plain ]
| 000 -LEADER | |
|---|---|
| fixed length control field | 00690cam a22002055a 4500 |
| 001 - CONTROL NUMBER | |
| control field | ##J100724 |
| 008 - FIXED-LENGTH DATA ELEMENTS--GENERAL INFORMATION | |
| fixed length control field | 000000s1908 000 0 eng u |
| 035 ## - SYSTEM CONTROL NUMBER | |
| System control number | (Sirsi) u100724 |
| 041 0# - LANGUAGE CODE | |
| Language code of text/sound track or separate title | eng |
| 050 04 - LIBRARY OF CONGRESS CALL NUMBER | |
| Classification number | 336.22 $2 18 |
| 110 2# - MAIN ENTRY--CORPORATE NAME | |
| Corporate name or jurisdiction name as entry element | Surveyors' Institution |
| Subordinate unit | Cumberland and West Morland Committee |
| 9 (RLIN) | 4862 |
| 245 00 - TITLE STATEMENT | |
| Title | Taxation of land value |
| 260 ## - PUBLICATION, DISTRIBUTION, ETC. | |
| Place of publication, distribution, etc. | Cockermouth |
| Name of publisher, distributor, etc. | Bailey |
| Date of publication, distribution, etc. | 1908 |
| 300 ## - PHYSICAL DESCRIPTION | |
| Extent | 12p. |
| Dimensions | 20cm. |
| 520 ## - SUMMARY, ETC. | |
| Summary, etc. | Paper was read by J. R. Corbett before the committee at the Keswick Hotel on Saturday 8 April, 1908. |
| 651 #4 - SUBJECT ADDED ENTRY--GEOGRAPHIC NAME | |
| Geographic name | Great Britain |
| Chronological subdivision | 1707- |
| 690 ## - LOCAL SUBJECT ADDED ENTRY--TOPICAL TERM (OCLC, RLIN) | |
| Topical term or geographic name as entry element | PROPERTY-RURAL AND NATURAL ASSETS-RURAL AND NATURAL ASSET TAXATION |
| 700 1# - ADDED ENTRY--PERSONAL NAME | |
| Personal name | Corbett, J. R. |
| 942 ## - ADDED ENTRY ELEMENTS (KOHA) | |
| Suppress in OPAC | 0 |
| Withdrawn status | Lost status | Source of classification or shelving scheme | Damaged status | Not for loan | Home library | Current library | Shelving location | Date acquired | Total Checkouts | Full call number | Barcode | Date last seen | Copy number | Price effective from | Koha item type |
|---|---|---|---|---|---|---|---|---|---|---|---|---|---|---|---|
| Dewey Decimal Classification | Historic collection | Historic collection | RICS Boxes | 22/10/1999 | RICS 1908/3 | 30059304 | 06/08/2019 | 1 | 06/08/2019 | Archive |